| 000 | 01610nam a22003017a 4500 | ||
|---|---|---|---|
| 001 | 1532 | ||
| 003 | FISKH | ||
| 005 | 20230904140028.0 | ||
| 008 | 230904b cb ||||| |||| 00| 0 khr d | ||
| 020 | _a9789924340980 | ||
| 040 |
_aFISKH _beng _cFISKH _dFISKH |
||
| 082 | _a599.757 | ||
| 100 | _aSodany, Ouch | ||
| 245 |
_aម៉ែ ពូកែមែន! / _cនិពន្ធដោយ អ៊ូច សូដានី - គូររូបដោយ អ៊ែល ហ៊ុយណូ |
||
| 250 | _aបោះពុម្ពលើកទី ២ វិច្ឆិការ ២០២២ | ||
| 260 |
_aPhnom Penh : _bSipar, _c2022. |
||
| 300 |
_a23 pages : _bcolor illustrations ; _c25 cm |
||
| 490 | _aរឿងដំបូងៗ | ||
| 505 | _aG | ||
| 520 | _aនៅលើវាលស្មៅ កូនតោឃើញម្ដាយ និងតោញីពីរទៀតចាប់ចំណីជាលើកដំបូង។ គេពិតជាស្ញប់ស្ញែងចំពោះភាពវាងវៃ និងរហ័សរហួនរបស់ម្ដាយ និងគូកនណាស់។ | ||
| 520 | _aIn the pasture, the lion cub sees the mother and two other lionesses hunting for the first time. It is amazed at the ingenuity and agility of their mother and partners. | ||
| 521 | 8 |
_a380
_bLexile estimate |
|
| 521 | 8 |
_aG
_bRaz-Plus |
|
| 650 |
_aតោ _vស្ញប់ស្ញែង _xដៃគូរ _yចាប់ចំណី |
||
| 650 |
_aLion _vAmaze _xPartner _yHunting |
||
| 700 |
_aHuyno, El _eillustrator |
||
| 942 |
_2ddc _cBK _n0 |
||
| 999 |
_c1532 _d1532 |
||